| 000 | 00393nam a22001697a 4500 | ||
|---|---|---|---|
| 003 | NUST - PNEC | ||
| 005 | 20170116180835.0 | ||
| 008 | 150804b xxu||||| |||| 00| 0 eng d | ||
| 020 | _a0131244396 | ||
| 040 | _cLIBRARY | ||
| 082 | _a530 OHA | ||
| 100 |
_94867 _aOhanian, Hans C. |
||
| 245 |
_aPhysics _cHans C.Ohanian |
||
| 250 | _a2th ed | ||
| 650 |
_94868 _aPhysics _x- |
||
| 942 |
_2ddc _cBK |
||
| 999 |
_c64159 _d64159 |
||